MARC

LEADER 00000nas a2200000 4500
001 ssj0004762
003 WaSeSS
005 20200512172242.0
006 m d
007 cr n
008 780110d19751986dcumr p s o 0 a0eng
010 |a  78640577  
022 |l 0149-7936  |y 0149-7936 
035 |a (WaSeSS)ssj0004762 
037 |b P.O. Box 1750, Annapolis, Md. 21404 
040 |a DLC  |b eng  |c DLC  |d NSD  |d DLC  |d NSD  |d HUL  |d NST  |d DLC  |d NSD  |d HUL  |d NST  |d OCLCQ  |d OCLCO  |d DGW  |d OCLCO  |d OCLCF  |d OCLCA  |d OCLCQ  |d OCLCO  |d WaSeSS 
042 |a pcc  |a nsdp 
043 |a n-us-dc 
050 0 0 |a AP2  |b .W2437 
082 0 0 |a 051 
210 0 |a Wash. doss. 
222 4 |a The Washington dossier 
245 0 4 |a The Washington dossier  |h [electronic resource]. 
260 |a [Washington],  |b [Adler/International, Ltd., etc.] 
362 1 |a Began in l975? 
362 0 |a -v. 12, no. 1; -June/July 1986. 
506 |a License restrictions may limit access. 
580 |a One issue a year contains section: Diplomatic dossier, also published separately. 
650 7 |a Manners and customs.  |2 fast  |0 (OCoLC)fst01007815 
651 0 |a Washington (D.C.)  |x Social life and customs  |v Periodicals. 
651 0 |a Washington (D.C.)  |v Periodicals. 
651 7 |a Washington (D.C.)  |2 fast  |0 (OCoLC)fst01204505 
655 0 |a Electronic journals. 
730 0 |a Diplomatic dossier. 
777 1 |t Diplomatic dossier  |w (DLC)sn 88013524  |w (OCoLC)10647470 
785 0 0 |t Dossier (Washington, D.C.)  |x 0891-5741  |w (DLC) 86655598  |w (OCoLC)14347840 
850 |a DLC  |a MH  |a NN 
856 4 0 |z Full text available from Research Library: 01/01/1986 to 12/31/1986  |u https://search.proquest.com/publication/37803